000 00567nam a2200181Ia 4500
008 100917s9999 xx 000 0 und d
082 _b60879
100 _aभावे पु. भा.
245 _aआला क्षण गेला क्षण
260 _bगं. पां. परचुरे प्रकाशन
_c1964
300 _a135
365 _b4.5
520 _aकथा
630 _aआला क्षण गेला क्षण
650 _aकथा
730 _aआला क्षण गेला क्षण
942 _cBOOK
999 _c666273
_d666270